000
003330000a22001450004500
005
20120302064643.0
942
_c
BOOK
100
_a
Joshi , Vimala.
245
_a
Paulkhuna
260
_a
Pune : Prapancha Prakashan ,1985.
300
_a
160 p.
040
_a
mar
365
_b
Rs.40 /-
650
_a
Lekha / Lalit Lekha / Paulkhuna
999
_c
362722
_d
362719